000
00305nam a22001337a 4500
008
170327b xxu||||| |||| 00| 0 eng d
020
_a
0721623395
041
_a
eng
080
_a
615.83
100
_a
8
101
_a
SHM
245
_a
INFECTIOUS DISEASES OF THE DOG NAD CAT
_c
GREENE.C.E
942
_2
udc
_c
BK
999
_c
8651
_d
8651